Tŕň pod nechtom

Bibliographic Details
Main Author: -mj- (Author)
Format: Article
Language:Slovak
PhysicalDescription:Obr. 4.
Subjects:

MARC

LEADER 00000nab a2200000 a 4500
001 vtls000344206
003 SK-MaSNL
005 20260304080520.0
008 250424c1988 xo 0 slo
015 |a SNBRB19rr/mm-uuuuu 
035 |a CL0344328 
035 |a urn:nbn:sk:snk-ab1d6n 
035 |a (urnnbn)urn:nbn:sk:snk:ar-00270w 
035 |a (uuid)6cab18b3-85a9-4817-929b-6745a33ecc80 
040 |a SNKBUCL  |b slo  |c SNKBUCL  |e AACR2 
041 0 |a slo 
044 |a xo  |c SK 
080 |a 791.43(439)  |2 1981 
100 1 |a -mj-  |4 aut  |9 856238 
245 1 0 |a Tŕň pod nechtom  |c -mj- ; Sándor Sáre, Sándor Csoóri 
300 |b Obr. 4. 
500 |a (Scenár Sándor Csoóri, Sándor Sáre. Réžia Sándor Sáre.) 
650 0 7 |a Tŕň pod nechtom (film)  |2 snkbucl  |9 952043 
655 7 |a články z novín a časopisov  |2 snkbucl  |9 267496 
773 0 |t Film a divadlo  |g Roč. 32, č. 25 (1988), s. 33 
850 |a Slovenská národná knižnica 
852 |a Slovenská národná knižnica 
954 |a odborná, vedecká literatúra pôvodná (slovenská)  |2 lita 
958 |a article27 
958 |a OND 
958 |a RK 
958 |a HU 
958 |a EUIPO 
992 |a RBX 
999 |c 2786983  |d 2788913